Städte Moldawiens - Statistiken

Allgemein
  • Dieses Quiz wurde 69 mal gespielt
  • Das Durchschnittsergebnis liegt bei 5 aus 20
Antwortstatistiken
Rang Einwohner Stadt % Korrekt
1 532.513 Chișinău
97%
2 133.807 Tiraspol
90%
3 97.930 Bălți
56%
7 28.763 Cahul
28%
11 20.113 Comrat
28%
10 21.065 Orhei
28%
4 91.882 Tighina
28%
18 13.943 Edineț
23%
8 25.060 Dubăsari
21%
9 22.196 Soroca
21%
15 15.939 Căușeni
18%
19 13.150 Drochia
18%
5 47.949 Rîbnița
15%
6 30.804 Ungheni
15%
12 17.684 Strășeni
13%
20 12.515 Ialoveni
10%
17 14.618 Slobozia
10%
13 17.210 Durlești
8%
16 15.934 Codru
5%
14 16.605 Ceadîr-Lunga
3%
Keine übereinstimmenden Quizze gefunden
Verteilung der Resultate
Anzahl Personen mit jedem Resultat
Perzentil nach korrekt beantworteten Fragen
Ihre Resultats-Entwicklung
Sie haben dieses Quiz noch nicht gespielt